[Event "ESP-chT"]
[Site "Sanxenxo"]
[Date "2004.11.19"]
[Round "2"]
[White "Arizmendi Martinez, Julen Luis"]
[Black "Comas Fabrego, Luis"]
[Result "1/2-1/2"]
[WhiteElo "2531"]
[BlackElo "2509"]
[Annotator "Erenburg,S"]
[PlyCount "68"]
[EventDate "2004.11.18"]
[EventType "team"]
[EventRounds "9"]
[EventCountry "ESP"]
[SourceTitle "CBM 105"]
[Source "ChessBase"]
[SourceDate "2005.04.11"]
[SourceVersion "1"]
[SourceVersionDate "2005.04.11"]
[SourceQuality "1"]

1. e4 d6 2. d4 g6 3. Nf3 Bg7 4. Be2 Nf6 5. Nc3 O-O 6. O-O a6 $5 {Quite a rare
continuation. Other theoretical possibilities are:} (6... c6 {0-1 Fominyh,
A-Morozevich,A/Sochi 2004/[Erenburg] (40)}) (6... Bg4 {1/2-1/2 Ivanchuk,
V-Hillarp Persson,T/Malmo 2003/CBM 95/[Erenburg] (18)}) (6... Nc6 {1/2-1/2
Pelletier,Y-Smirin,I/Biel 2003/CBM 97_01/[Erenburg] (46)}) (6... e6 $5 {
1-0 Azarov,S-Gretarsson,H/Rethymnon 2003/CBM 98/[Erenburg] (45)}) 7. Re1 e6 {
Black builds a very flexible pawn structure, that will give him the chances
for counterplay.} (7... b5 $6 8. e5 {1/2-1/2 Ionescu,C-Manolache,M/Targoviste
2001/CBM 087/[Roiz,M] (21)}) 8. a4 {White tried also:} (8. Bf4 {1-0 Potkin,
V-Turov,M/Linares 2001/CBM 081/[Finkel,A] (54)}) (8. e5 {1/2-1/2 Zvjaginsev,
V-Bezold,M/Altensteig 1994/CBM 043/[Stohl] (31)}) 8... Nc6 (8... b6 $5 {
comes to consideration, in order to prevent white's a4-a5.}) 9. a5 $1 $146 {
seems very logical. Black has to solve the problem of developing the
light-squared bishop. Of course, he will develop it to b7, therefore, White
tries to worsen black's pawn structure. In the preceding games white continued:
} (9. h3 b6 10. Bf4 h6 11. e5 dxe5 12. Bxe5 Bb7 13. Qd2 Nxe5 14. Nxe5 c5 15.
Bf3 Bxf3 16. Nxf3 cxd4 $15 {0-1 Yu Shaoteng-Zhang Zhong/Moscow 2001/CBM 086 
(65)}) (9. Bf1 b6 10. g3 Bb7 11. Bg2 e5 12. dxe5 dxe5 13. Bg5 Qc8 14. Nd5 Nxd5
15. exd5 Nb8 16. Nxe5 $2 (16. c4 $142) 16... f6 17. Nc6 Bxc6 18. dxc6 fxg5 19.
Qd5+ Kh8 20. Re7 Bf6 21. Rf7 a5 $19 {0-1 Ciric,D-Tseitlin,M/Biel 2001/CBM 083
ext (43)}) 9... b5 {Otherwise: What should Black do with his light-squared
bishop?} 10. axb6 cxb6 11. d5 $1 {This was white's main opening idea! White
makes black's pawn d6 isolated.} exd5 12. Nxd5 Bb7 ({Black doesn't equalize
after} 12... Nxe4 13. Bb5 $1 {This is the point!} Na7 14. Bxa6 Nc6 15. Rxe4 $16
) 13. Bg5 Re8 14. Bc4 $14 {The best position for the light-squared bishop is
on the diagonal a2-g8, as it presses black's f7 pawn from there.} Na5 $1 {
Black has to create some counterplay on the queenside - his plan is to occupy
the c4-square.} 15. Ba2 Rc8 16. c3 $6 ({In my opinion,} 16. Qd3 $1 {was
stronger, as White prevents Black from occupying the c4-square.} b5 17. Nd2 $16
) 16... Nc4 17. Bxc4 Rxc4 18. Nd2 ({Again, better was} 18. Qd3 Rc5 $14) 18...
Rc8 19. Qf3 Bxd5 $1 {Black has succeeded to exchange White's knight on d5, and
White doesn't occupy the d5 square with a piece.} 20. exd5 Rxe1+ 21. Rxe1 h6 {
liberating himself from the unpleasant pin.} 22. Bh4 g5 23. Bg3 Qd7 24. h4 ({
Deserves attention:} 24. Qd3 Qb5 $1 25. c4 (25. Qxb5 axb5 26. Bxd6 Nxd5 $11 {
[%cal Yb5b4]}) 25... Qb4 (25... Qxb2 26. Rb1 $16) 26. b3 b5 27. h3 $14) 24...
Re8 $1 25. Rxe8+ Qxe8 26. hxg5 hxg5 27. Bxd6 {Other moves don't promise
anything special as well:} (27. Qf5 Qb5 (27... Qe1+ 28. Nf1 Ne4 29. Qc8+ Kh7
30. Qxa6 Nxg3 31. fxg3 $16) 28. Qxg5 Qxb2 29. c4 Qb4 $1 $13) (27. Qd3 Qb5 28.
Qxb5 axb5 29. Bxd6 Nxd5 30. Ne4 g4 $14 {/=.}) 27... Qd7 28. Qg3 Nxd5 $11 29.
Be5 ({Black succeeds to neutralize the activity of the White pieces after:} 29.
Ne4 g4 30. Qh4 {[%cal Yh4g5]} (30. Qd3 Qf5) 30... Qf5 (30... f5 31. Qg5 Kf7 32.
Ng3 $1 Qxd6 33. Qxg7+ Kxg7 34. Nxf5+ Kf6 35. Nxd6 $14) 31. f3 gxf3 32. Qd8+ Kh7
33. Ng5+ Kg6 34. Nxf3 Kh7 $11) 29... Qf5 30. Bxg7 Kxg7 31. Nf3 Qb1+ (31... f6
32. Qb8 g4 33. Nd4 Qb1+ 34. Kh2 Qe4 35. Kg3 f5 36. Kh4 Qe7+ 37. Kg3 Qe4 $11)
32. Kh2 Qh7+ 33. Kg1 Qb1+ 34. Kh2 Qh7+ 1/2-1/2

[Event "ESP-chT"]
[Site "Sanxenxo"]
[Date "2004.11.26"]
[Round "9"]
[White "Jerez Perez, Alfonso"]
[Black "Franco Ocampos, Zenon"]
[Result "1/2-1/2"]
[WhiteElo "2434"]
[BlackElo "2526"]
[Annotator "Erenburg,S"]
[PlyCount "63"]
[EventDate "2004.11.18"]
[EventType "team"]
[EventRounds "9"]
[EventCountry "ESP"]
[SourceTitle "CBM 105"]
[Source "ChessBase"]
[SourceDate "2005.04.11"]
[SourceVersion "1"]
[SourceVersionDate "2005.04.11"]
[SourceQuality "1"]

1. e4 d6 2. d4 Nf6 3. Nc3 g6 4. Nf3 Bg7 5. Be2 O-O 6. O-O c5 $5 {Black attacks
White's centre immediately. This continuation is rare in comparison to the
following ones:} (6... e6 $5 7. e5 dxe5 8. dxe5 Qxd1 9. Rxd1 Nfd7 10. Bf4 $146
Nc6 $2 11. Nb5 $1 $16 {1-0 Azarov,S-Gretarsson,H/Rethymnon 2003/CBM 98/
[Erenburg] (45)}) (6... c6 7. a4 Nbd7 8. e5 {1-0 Azarov,S-Azmaiparashvili,Z/
Rethymnon 2003/CBM 98/[Erenburg] (42)}) (6... Nc6 {1/2-1/2 Pelletier,Y-Smirin,
I/Biel 2003/CBM 97_01/[Erenburg] (46)}) (6... Bg4 {1/2-1/2 Akopian,V-Timman,J/
Wijk aan Zee 2004/CBM 99/[Erenburg] (30)}) 7. dxc5 (7. d5 {transforms to A43,
Benoni. Usually, 1.e4-players, don't play in such positions d4-d5.}) 7... dxc5
8. Be3 {attacking the c5-pawn. There are other attempts to get the advantage,
but white didn't get anything special:} (8. Bf4 {1/2-1/2 Solak,D-Velimirovic,D/
Belgrade 2000/CBM 076/[Finkel,A] (53)}) (8. Qxd8 Rxd8 9. Be3 b6 10. Rad1 Nc6
11. Rxd8+ Nxd8 12. Rd1 Bb7 13. e5 $2 Ng4 14. Bf4 $2 Ne6 15. Bg3 Rd8 16. Rxd8+
Nxd8 $17 {0-1 Jenni,F-Bauer,C/Leon 2001/CBM 086/[Roiz,M] (38)}) 8... b6 9. Qc1
{White keeps the queens on the board, and tries to activate his forces,
attacking black's queen.} ({Black equalizes after} 9. e5 Ng4 10. Qd5 Qxd5 (
10... Nxe3 $6 11. Qxa8 Nxf1 12. Qxb8 $16) 11. Nxd5 Nc6 $1 $10 {1-0 Gligoric,
S-Quinteros,M/Bled 1979/MCL/[ChessBase] (53)}) 9... Bb7 10. Rd1 Qc8 11. Nd5 ({
Black has enough resources to neutralize White's activity after:} 11. e5 Ng4
12. Bg5 Nc6 13. Nd5 Re8 14. Bb5 Ngxe5 15. Nxe5 Bxe5 16. Bxc6 Qxc6 $17) 11...
Nc6 (11... Re8 12. Bf4 e5 $6 13. Nxf6+ $1 Bxf6 14. Bh6 Bxe4 15. Ng5 Bb7 $2 16.
Bc4 Bxg5 17. Qxg5 Qf5 18. Qe7 $1 $18 Bc6 $8 19. Rd8 Na6 20. Rxa8 Rxa8 21. Rd1 {
1-0 Miles,A-Hennigan,M/Philadelphia 1989/(21)}) (11... Nxd5 12. exd5 Nd7 13. c4
$14) 12. Ne5 $5 {[%cal Ye5c6,Gd5e7]} ({Nothing promises} 12. Nxf6+ Bxf6 13. c3
Rd8 $11 {Enqvist-Agrest,Scandic Hotels CC, 99}) 12... Re8 (12... Nxd5 13. Nxc6
Qxc6 14. exd5 Qf6 $11) 13. Nxc6 Qxc6 (13... Bxc6 $1 {equalizes immediately:}
14. Nxf6+ Bxf6 15. f3 $11) 14. Bf3 $146 {In the preceding game White tried} (
14. a4 $1 {, but with exact play, Black should have equalized:} Nxd5 15. exd5
Qc7 16. Bf4 Be5 17. Bxe5 Qxe5 18. Bf3 c4 $6 (18... e6 $1 $11) 19. Ra3 Rad8 20.
Re3 Qf6 21. Rc3 Ba6 22. Be2 Rc8 23. Rf3 $14 {Nikolenko,O-Hait,A/Russia 2000/
[Hait,A] (23)}) 14... Nxd5 15. exd5 Qf6 16. Rb1 {preparing c2-c4.} ({Bad is} 
16. c3 {, as after} e6 {white hasn't c4.}) 16... e5 (16... e6 17. c4) 17. c4
Qd6 {Now Black's plan is very simple - to push forward his "e" and "f" pawns.
White has to create counterplay immediately!} 18. b4 $1 cxb4 19. c5 bxc5 20.
Bxc5 Qd7 21. Rxb4 Rac8 (21... f5 {isn't good, in view of} 22. Qb2 $1 Ba6 23.
Qa3 $14) 22. Qa3 $1 {Right decision. White needs to cover the a5-square.} ({
Bad is} 22. Qe3 a5 $1 23. Rh4 (23. Rbb1 e4 $1 $36) 23... f5 $36) 22... Rxc5 23.
Rxb7 Qxb7 24. Qxc5 $14 {White has a slight advantage, thanks to the passed "d"
pawn, but, of course, Black will make a draw with careful play.} e4 25. Be2 e3
(25... Qb2 $5 {comes into consideration.}) 26. fxe3 Bh6 27. Rd3 ({White could
play on after} 27. Kh1 $5 Bxe3 28. Qc6 $14) 27... Qb2 28. Kf2 Qf6+ {White's
d5-pawn can be very dangerous for black, therefore, he makes a draw with a
perpetual check.} 29. Kg1 Qe5 30. Kf2 Qf6+ 31. Kg1 (31. Bf3 {is too risky, in
view of} Qb2+ 32. Kf1 Qb1+ 33. Rd1 Qxa2 34. e4 (34. d6 Bxe3 35. Qxe3 (35. d7
Qf2#) 35... Rxe3 36. d7 Rxf3+ 37. gxf3 Qa6+ 38. Kf2 (38. Ke1 Qa5+ $19) (38. Kg2
Qe2+ $19) 38... Qb6+ $19) 34... Bf4 35. d6 Bxh2 36. d7 Rd8 37. Qe7 Bc7 $15 (
37... Qc4+ 38. Be2 Qc7 $13)) 31... Qe5 32. Kf2 1/2-1/2

[Event "Bermuda-B"]
[Site "Bermuda"]
[Date "2003.02.03"]
[Round "9"]
[White "Paschall, William M"]
[Black "Schmaltz, Roland"]
[Result "1/2-1/2"]
[WhiteElo "2444"]
[BlackElo "2529"]
[Annotator "Erenburg,S"]
[PlyCount "63"]
[EventDate "2003.01.25"]
[EventType "tourn"]
[EventRounds "11"]
[EventCountry "BER"]
[EventCategory "10"]
[SourceTitle "CBM 094"]
[Source "ChessBase"]
[SourceDate "2003.05.26"]
[SourceVersion "1"]
[SourceVersionDate "2003.05.26"]
[SourceQuality "1"]

1. e4 d6 2. d4 Nf6 3. Nc3 g6 4. Nf3 Bg7 5. Be2 O-O 6. O-O c6 7. a4 Nbd7 8. Be3
Qc7 9. Nd2 (9. Qd2 {See commented game Vajda,L-Bokros,A/ 0-1 Budapest 2002/CBM
89/[Finkel,A] (58)}) 9... b6 ({Usually black's play is connected with the
typical e7-e5:} 9... e5 10. dxe5 Nxe5 11. h3 b6 12. f4 Ned7 13. Qe1 Re8 14. Qf2
Nc5 15. Bf3 Ba6 16. Rfe1 Rad8 17. b4 Ne6 18. f5 $14 {1-0 Iordachescu,V-Marin,M/
Bucharest 2000/CBM 77 (50)}) 10. f4 Bb7 ({Another option for black is:} 10...
a6 11. Bd3 Bb7 12. e5 Ne8 13. Nce4 $6 c5 14. c3 Qc6 15. Qe2 Nc7 16. Nf3 b5 17.
a5 f6 $11 {0-1 Damljanovic,B-Ehlvest,J/Belgrade 1989/CBM 16 (40)}) 11. Qe1 {
White is going to transfer his queen to h4, which is very typical plan for
position with this structure. Actually white's play is going to be on the king
side, which is linked with following f4-f5 and attack on the black king. On
the other hand, black tries to get the counterplay on the queenside with a7-a6,
b6-b5, thus, attacking white center.} (11. e5 Nd5 (11... Ne8 12. Nce4 c5 13. c3
Bc6 14. Qb3 Qb7 15. Bf3 Rc8 $6 16. e6 $1 $16 {1-0 Minasian,A-Shchekachev,A/
Moscow 1996/CBM 56 ext (43)}) 12. Nxd5 cxd5 13. c3 (13. Bd3 e6 14. Nf3 f6 15.
exf6 Nxf6 16. Ng5 Rae8 17. Qf3 $14 {Pribyl,J-Fajman,P/Prague 1992}) 13... e6
14. Qe1 f6 15. exd6 Qxd6 16. g4 $6 (16. a5 $5 $14) 16... e5 $11 {1/2-1/2
Potkin,V-Timofeev,A/Ufa 2000/EXT 2001 (49)}) 11... a6 $146 12. Qh4 {Two other
moves, which deserve attention are:} (12. Bf3 b5 13. e5 Nd5 14. Nxd5 cxd5 15.
Qh4 $14) (12. e5 Nd5 13. Nxd5 cxd5 14. c3 $14) 12... b5 13. e5 $6 ({Comes to
consideration:} 13. axb5 axb5 (13... cxb5 $5 14. Bd3 e6 15. Ne2 Nb6 16. b3 $14)
14. b4 $5 Nb6 15. Bf3 Na4 16. Ne2 $14) 13... b4 $1 {Probably white
underestimated this black's reply when he played 13.e4-e5} 14. Nde4 $6 ({
Better was} 14. exf6 Bxf6 15. Qh3 bxc3 16. bxc3 {In spite of black's position
is more comfortable, white is close for the equality.}) 14... Nxe4 15. Nxe4 c5
$15 {After this move white doesn't succeed to hold the material balance.} 16.
Ng5 h6 17. f5 $2 {White sacrifices the knight and tries to get compensation,
attacking the black monarch. The least of evils was} (17. Nf3 cxd4 18. Bxd4
dxe5 19. fxe5 Nxe5 $15) 17... hxg5 $19 {Black has captured the knight, while
white doesn't get any serious compensation for it.} 18. Bxg5 cxd4 {Right
decision and cool one.} 19. f6 ({Nothing gives:} 19. exd6 exd6 20. Bd3 Ne5 $19)
19... exf6 20. exf6 Bh8 21. Qh6 {[%cal Gf1f4,Gf4h4]} (21. Bf3 {doesn't help to
white to sharpen the position.} Rfe8 22. Bxb7 Qxb7 23. Rf3 Re4 24. Qh6 Re2 $19)
21... Qxc2 22. Bf3 Nxf6 $4 {[%mdl 8192] A blunder, which throws away all of
black's advantage.} ({While, after} 22... d5 {black is a piece up, white's
attack is over, so white's position is hopeless. For instance:} 23. Rac1 Qxa4
$19) 23. Bxb7 Ng4 24. Qh3 $1 {[%csl Gh3][%cal Yh3c8] White put his queen to h3
in order to use a very important nuance in this position- the diagonal h3-c8 
(see the continuation of the game).} Ra7 (24... Rab8 25. Bxa6) 25. Rac1 Qxb2
26. Bd5 $6 ({White has missed a more attractive continuation, which gave him
the slight advantage.} 26. Rxf7 $3 {[%mdl 576]} Qxc1+ $8 (26... Rxf7 27. Rc8+
Rf8 28. Rxf8+ Kxf8 29. Qxh8+ Kf7 30. Bd5#) (26... Kxf7 27. Rc7+ Ke6 (27... Ke8
28. Bc6#) 28. Qxg4+ Ke5 29. Re7#) 27. Bxc1 Rxf7 28. Bd5 $14) 26... Ne3 ({
There is no difference between the move in the game and} 26... Ne5 27. Rc8 (27.
Rf2 $5 Qa3 28. Bb3 d3 29. Rb1 $13 {[%cal Gf2a2]}) 27... Bg7 28. Rxf8+ Bxf8 29.
Bf6 Bg7 30. Qc8+ $11) 27. Rc8 $1 {Right decision, which promises white to get
the draw. While 27.Rxf7 leads to the losing position:} (27. Rxf7 $2 Raxf7 28.
Bxf7+ Kg7 (28... Rxf7 $2 29. Rc8+ Rf8 30. Rxf8+ Kxf8 31. Qxh8+ Kf7 32. Qf6+ Kg8
33. Qe6+ Kh8 34. Bf6+ Kh7 35. Qd7+ Kh6 36. Qh3#) 29. Bh6+ (29. Rc7 Qb1+ 30. Kf2
Qf1+ 31. Kg3 Nf5+ 32. Qxf5 Qxf5 $19) (29. Qh6+ Kxf7 30. Rc7+ (30. Bxe3 dxe3 $19
) 30... Ke6 31. Bxe3 dxe3 32. Qxf8 Qa1+ 33. Qf1 e2 34. Qxa1 {[%tqu "En",
"Please enter the winning move for the black.","","","h8d4","",10]} Bd4+ $3 $19
{[%mdl 64]} (34... Bd4+ 35. Kh1 Bxa1 36. Rc1 Bc3 $19)) 29... Kxf7 30. Rc7+ (30.
Qd7+ Kg8 31. Qe6+ Kh7 32. Bxe3 Rf5 $1 $19 {[%csl Yf5][%cal Ge6h3]}) 30... Kf6
31. Bxf8 (31. Qh4+ Kf5 $1 32. Qf4+ Ke6 33. Qe4+ Be5 $19) 31... Qb1+ 32. Kf2
Qf1+ 33. Kg3 Nf5+ 34. Kg4 Qe2+ 35. Qf3 d3 $19 {[%csl Gb4,Gd3,Yf5]}) 27... Bg7 (
27... Rxc8 28. Qxc8+ Kh7 29. Qh3+ $11) 28. Rxf7 ({White couldn't achieve
something more than the draw:} 28. Rxf8+ Bxf8 29. Bf6 Bg7 30. Qc8+ Kh7 31. Qh3+
Bh6 32. Qc8 Bg7 33. Qh3+ $11) 28... Raxf7 29. Bxf7+ Kxf7 30. Qd7+ Kg8 31. Qe6+
Kh7 32. Qh3+ 1/2-1/2

[Event "Mario Covas 4th"]
[Site "Santos"]
[Date "2004.08.07"]
[Round "8"]
[White "Leitao, Rafael Duailibe"]
[Black "Rodriguez Vila, Andres"]
[Result "1-0"]
[WhiteElo "2573"]
[BlackElo "2567"]
[Annotator "Erenburg,S"]
[PlyCount "47"]
[EventDate "2004.07.31"]
[EventType "tourn"]
[EventRounds "9"]
[EventCountry "BRA"]
[EventCategory "11"]
[SourceTitle "CBM 103"]
[Source "ChessBase"]
[SourceDate "2004.11.11"]
[SourceVersion "1"]
[SourceVersionDate "2004.11.11"]
[SourceQuality "1"]

1. d4 g6 2. e4 d6 3. Nc3 Bg7 4. Nf3 Nf6 5. Be3 {Usually white plays h2-h3 and
only afterware Be3...} Ng4 {Responsible decision. Black is going to play h7-h6,
that will make dangerous to castle short. Other options are:} (5... c6 {
1-0 Leko,P-Beliavsky,A/Madrid 1998/CBM 65/[Leko] (35)}) (5... O-O {1/2-1/2 Ye
Jiangchuan-Gulko,B/Seattle 2001/CBM 82/[Finkel,A] (57)}) (5... a6 6. Bd3 O-O 7.
Qd2 Nc6 8. h4 Ng4 9. h5 Nxe3 10. fxe3 e5 11. hxg6 hxg6 12. O-O-O b5 13. Qf2 Bd7
14. Nd5 Ne7 15. Qh4 f6 16. dxe5 dxe5 17. Nxe5 $18 {1-0 Asrian,K-Agrest,E/FIDE
WCh KO, Tripoli LBA (1.3) 2004 (36)}) 6. Bg5 h6 7. Bh4 c6 {preparing b7-b5.} 8.
Qd2 b5 {Black tried also} (8... g5 9. Bg3 Nd7 10. O-O-O b5 11. e5 b4 12. Nb1
dxe5 13. dxe5 Qa5 14. h4 Ngxe5 15. Nxe5 Nxe5 16. hxg5 hxg5 17. Rxh8+ Bxh8 18.
Bb5 Bg4 19. Rh1 Bf6 20. Bxe5 Rd8 21. Bxc6+ {1-0 Hebden,M-Felecan,F/Cappelle la
Grande 1993/TD (21)}) 9. Bd3 a6 (9... Nd7 10. h3 Ngf6 11. e5 dxe5 12. dxe5 Nh7
13. e6 Ndf8 14. exf7+ Kxf7 15. O-O g5 16. Bg3 Be6 17. Rae1 Bd5 18. Nxd5 Qxd5
19. Ne5+ Bxe5 20. Rxe5 Qd8 21. f4 g4 22. Rfe1 e6 23. f5 exf5 24. Rxf5+ Nf6 25.
Ref1 N8d7 26. Bh4 Qb6+ 27. Kh1 {1-0 Streit,A-Rausis,I/Bern 1999/EXT 2001 (27)})
10. h3 Nf6 11. e5 $1 $146 {White has development advantage, therefore, he
opens up the game. In the previous game black continued} (11. O-O-O Qa5 12. a3
Be6 13. Kb1 g5 14. Bg3 Qb6 15. Rhe1 Ra7 16. e5 dxe5 17. Nxe5 Rb7 18. Qe2 Qa5
19. Ne4 Nfd7 20. Nxf7 O-O 21. Nfd6 Bxd4 22. Nxb7 Qb6 23. Nxg5 Bd5 24. Qxe7 Nf6
25. Bh7+ {1-0 Quillan,G-Flear,C/Isle of Man 1994/EXT 97 (25)}) 11... Nh5 $2 {
Black allows white to open the "g" file, that obviously plays in white's hands,
because the development advantage is on his side.} (11... Nd5 12. exd6 (12. Ne4
dxe5 13. dxe5 O-O 14. O-O-O $14) 12... Qxd6 13. O-O-O Qf4 $14) 12. g4 $1 g5 13.
gxh5 gxh4 14. Rg1 {Now black is in serious trouble. White has amazing
development advantage, black's monarch is very vulnerable. These factors make
black's position strategically losing.} Kf8 ({Maybe better chance was} 14...
Bf8 $16) 15. Qf4 dxe5 16. dxe5 Qc7 17. O-O-O {preparing to join queenside rook
to the attack.} Nd7 ({After} 17... Be6 {white continues with} 18. Bf5 $1 $18 {
[%cal Yf4g4] anyway.}) 18. Bf5 $1 {[%cal Yg1g7]} (18. Rxg7 {wins as well:} Kxg7
19. Nxh4 ({But not} 19. Rg1+ $2 Kf8 20. Qg4 Ke8 $13) 19... Nxe5 20. Rg1+ Kf8
21. Ng6+ $18) 18... Nc5 {Other continuations don't change anything:} (18... Nb6
19. Rxg7 Kxg7 20. Rg1+ Kf8 21. Qg4 Bxf5 22. Qg7+ Ke8 23. Qxh8+ Kd7 24. Rd1+ Qd6
(24... Ke6 25. Nd4+) 25. Rxd6+ $18) (18... b4 19. Rxg7 Kxg7 20. Be6 $3 Nxe5 21.
Rg1+ Kf8 22. Nxe5 Bxe6 23. Ng6+ $18) {[%tqu "En","Please enter the best move
for white.","","","g1g7","",10]} 19. Rxg7 $1 Kxg7 20. Rg1+ Kf8 21. Qg4 {
winning material.} Bxf5 (21... Ke8 22. Qg8+ {mating.}) 22. Qg7+ Ke8 23. Qxh8+
Kd7 24. Qxa8 {White is a rook up without any counterplay from the black's side.
} 1-0